000
00201 a2200097 4500
020
_a
30000325
041
_a
spa
100
_a
Blade, Adam
245
_a
Busca fieras sepron la serpiente marina
942
_c
BK
999
_c
7690
_d
7690